000 00499nam a2200181Ia 4500
003 GCL
008 140319s9999 xx 000 0 ara d
040 _aGCL /
_cGCL
082 0 4 _aط
_b813.01
_bع ل
100 1 _aعبلة عزمى
245 1 0 _aلعبة الطفل /
_cعبلة عزمى
300 _a32 ص
490 _aالهيئة العامة للاستعلامات
_v0
650 0 4 _aالاطفال
650 0 4 _aقصص الاطفال
650 0 4 _aلعب الاطفال
942 _2ddc
_cBK
999 _c51498
_d51498